000
00308nam a2200133Ia 4500
008
190216s9999||||xx |||||||||||||| ||und||
100
_a
Charles Wexler
245
0
_a
Analytic Geometry
250
_a
FIRST
260
_b
Addison-Wesley Pbl: Co:
_c
1961
300
_a
291
650
_a
Mathematics
942
_c
BK
999
_c
30519
_d
30519